Comic Book Villains - Comic Edition - Statistics

General Stats
  • This quiz has been taken 63 times
  • The average score is 9 of 12
Answer Stats
Picture Hint Answer % Correct
Latveria Doctor Doom
100%
Spider-Man Green Goblin
100%
Batman Joker
100%
Enjoyment of Planet taste Galactus
98%
The Flash Reverse Flash
98%
X-Men Magneto
96%
Green Lantern Sinestro
92%
X-Men Mr. Sinister
83%
DC Condiment King
67%
Invincible Dinosaurus
29%
Invincible Powerplex
25%
DC The Engineer
19%
No matching quizzes found
Score Distribution
Percent of People with Each Score
Percentile by Number Answered
Your Score History
You have not taken this quiz